| 000 | 00412 a2200109 4500 | ||
|---|---|---|---|
| 020 | _a9788882020293 | ||
| 082 | _a625.80288 PRO | ||
| 100 | _a Santagata, Ezio | ||
| 245 |
_aProceedings of the Sixth International Conference on Maintenance and Rehabilitation of Pavement and Technological Control MAIREPAV6/ _cEdited by Ezio Santagata |
||
| 260 |
_aItaly : _bUSA : _c2009 |
||
| 300 |
_a613p.: _bill. ; _c26 cm |
||
| 650 | _aPavement -- Rehabilitation | ||
| 999 |
_c1535 _d1535 |
||